| 000 | 01161cab a2200325 4500 | ||
|---|---|---|---|
| 001 | ABS58988 | ||
| 008 | 090401t1998 xxu||||| |||| 00| 0 eng d | ||
| 035 | _a(Sirsi) u87694 | ||
| 041 | _aeng | ||
| 100 | _aLewis, S. | ||
| 245 | _aArchitects` certificates: arbitration or litigation? | ||
| 260 | _c1998 | ||
| 350 | _a0 | ||
| 490 |
_aSolicitors` Journal _v142(27) 10 July 1998, 648-649(2) |
||
| 520 | _aDiscusses the House of Lord`s decision in "Beaufort Developments (NI) Ltd v Gilbert-Ash NI Ltd" and considers the implications. | ||
| 650 | _aARBITRATION ACT (NI) 1937 S4 | ||
| 650 | _aARBITRATORS | ||
| 650 | _aARCHITECTS' CERTIFICATES | ||
| 650 | _aBALFOUR BEATTY CIVIL ENGINEERING LTD V DOCKLANDS LIGHT RAILWAY LTD | ||
| 650 | _aBEAUFORT DEVELOPMENTS (NI) LTD V GILBERT-ASH NI LTD | ||
| 650 | _aEAST HAM CORPORATTION V BERNARD SUNLEY AND SONS LTD | ||
| 650 | _aINTERIM CERTIFICATES | ||
| 650 | _aJCT 80 | ||
| 650 | _aNORTHERN REGIONAL HEALTH AUTHORITY V CROUCH | ||
| 650 | _aROBINS V GODDARD | ||
| 650 | _aSUPREME COURT ACT 1981 S43A | ||
| 690 | _aBUILT ENVIRONMENT-BUILDING CONTRACT FORMS | ||
| 942 | _n0 | ||
| 948 | _c29/07/1998 | ||
| 999 |
_c55326 _d55326 |
||